Middle Cambrian inarticulate brachiopods from Central Bohemia - Středokambričtí inartikulátní ramenonožci ze středních Čech

Podrobná bibliografia
Hlavní autori: Mergl, Michal (Author), Šlehoferová, Petra (Author)
Médium: Článok
Jazyk:English
Czech
Russian
Vydanie:1. vyd.
Témy:
ISBN: 80-7075-010-3
Zdroj: 1. Sborník geologických věd 1. Praha : Ústřední ústav geologický, 1990 1. 80-7075-010-3 1. S. 67-104
LEADER 01404naa a2200409 a 4500
001 000000173
003 SVKKK
005 20071018111004.0
008 030616c1990 xo e engo
FMT
038 |a SVKKK 
040 |a SVKKK  |b slo  |e AACR2 
041 0 |a eng  |b eng  |a cze  |a rus 
044 |a xo  |c SK 
080 |a 551.7(437.1  |2 1981 
080 |a 56"6131  |2 1981 
080 |a 564.  |2 1981 
100 1 |a Mergl, Michal  |4 aut 
242 1 0 |a Stredokambické inartikulátne ramenonožce zo stredných Čiech 
245 1 0 |a Middle Cambrian inarticulate brachiopods from Central Bohemia - Středokambričtí inartikulátní ramenonožci ze středních Čech  |c Mergl Michal, Šlehoferová Petra 
250 |a 1. vyd. 
300 |b Obr. 18, +  |e Príl. 12 fot. 
500 |a Český preklad angl. názvu 
504 |a Res. angl., čes., rus., lit. 27 zázn. v angl., češ., franc., nem., ruš. 
650 0 4 |a geológia 
650 0 4 |a paleontológia 
650 0 4 |a prvohory  |x Čechy stredné  |x štúdie 
650 0 4 |a ramenonožce  |x inartikulátne  |x Lindinella  |x Luhotreta  |x rody nové  |x taxonómia 
650 0 4 |a stratigrafia  |x kambrium 
700 1 |a Šlehoferová, Petra  |4 aut 
773 0 |t Sborník geologických věd  |d Praha : Ústřední ústav geologický, 1990  |z 80-7075-010-3  |g S. 67-104 
958 |a NP 
974 |d 940523  |a 245/124 
992 |a RZB 
BAS
852 |a SVKKK  |b BIB 
998 |a GEO